Estudio de impacto ambiental proyecto Central Hidroeléctrica Hornitos, subestación Eléctrica y Línea de alta tensión, adenda N§1
Furkejuvvon:
| Searvvušdahkkit: | , |
|---|---|
| Materiálatiipa: | Girji |
| Giella: | espánnjágiella |
| Almmustuhtton: |
Santiago
EDIC Ingenieros Limitada
2003
|
| Fáttát: | |
| Fáddágilkorat: |
Lasit fáddágilkoriid
Eai fáddágilkorat, Lasit vuosttaš fáddágilkora!
|
MARC
| LEADER | 00000nam a2200000 a 4500 | ||
|---|---|---|---|
| 001 | UCK4802 | ||
| 003 | CL-VaPUC | ||
| 008 | 050624e20030000CL |||||||||||||||||spa|d | ||
| 082 | 0 | 4 | |a 363.731 |b EDI |2 21 |
| 110 | 2 | |a EDIC Ingenieros Limitada |e author |9 493405 | |
| 710 | 2 | |a Hidroeléctrica Guardia Vieja S.A |e author |9 493406 | |
| 245 | 1 | 0 | |a Estudio de impacto ambiental proyecto Central Hidroeléctrica Hornitos, subestación Eléctrica y Línea de alta tensión, adenda N§1 |
| 300 | |a 124 h | ||
| 942 | |c BK | ||
| 945 | |d 20050624 00:00:00 |a cmena | ||
| 260 | |a Santiago |b EDIC Ingenieros Limitada |c 2003 | ||
| 500 | |a Anexos: Planos; Botaderos; Esquemas de las obras del proyecto; Antecedentes Planta de Tratamiento de Aguas Servidas; Plan de manejo forestal; Plan de seguimiento de flora; Plan de seguimiento de fauna; Plan de prevención de riesgos de accidentes de trabajadores; Factibilidad de servicios; Fichas resumen corregidas del EIA | ||
| 650 | 0 | |a Impacto ambiental |9 262796 | |
| 650 | 7 | |a CENTRALES HIDROELECTRICAS |2 CL-VaPUC |9 263331 | |
| 650 | 0 | |a Energía eléctrica |9 256678 | |
| 650 | 7 | |a CONTAMINACION INDUSTRIAL |2 CL-VaPUC |9 261690 | |
| 650 | 0 | |a Desarrollo sustentable |9 333905 | |
| 650 | 0 | |a Protección del medio ambiente |9 257626 | |
| 650 | 0 | |a Responsabilidad social |9 339076 | |
| 583 | |a last modification |c 20050624 00:00:00 |k Rodrigo Vera | ||
| 999 | |c 313546 |d 313544 | ||
| 952 | |0 0 |1 0 |4 0 |6 363_731000000000000_EDI_2003 |7 0 |8 P |9 384956 |a BIBING |b BIBING |d 2019-11-22 |i 4137248 |o 363.731 EDI 2003 |p 4137248 |r 2025-01-20 |w 2019-11-22 |y BK |k CCL | ||